000
00480nam a2200181Ia 4500
008
090124s9999 xx 000 0 und d
082
_b
26594
100
_a
तिबिले अनंत
245
_a
धडक
250
_a
0
260
_b
अरुंधती प्रकाशन
_c
1988
300
_a
223
600
_a
तिबिले अनंत
630
_a
धडक
700
_a
तिबिले अनंत
730
_a
धडक
942
_c
BOOK
999
_c
96803
_d
96803